| 000 | 01017cam a2200253 4500 | ||
|---|---|---|---|
| 008 | 000000n2001 000 0 eng u | ||
| 020 | _a0421825006 | ||
| 035 | _a(Sirsi) u111544 | ||
| 050 | _a332.6324 | ||
| 100 |
_aMagnus, A. _xEditor |
||
| 245 | _aProperty joint ventures : structures and precedents | ||
| 250 | _a2nd ed. | ||
| 260 |
_aLondon _bSweet & Maxwell _c2001 |
||
| 300 |
_axlv,479p. _c26cm. |
||
| 350 | _a195.00 | ||
| 520 | _aSecond edition of this book originally based on a series of lectures organised by Henry Stewart under the title "Structuring and documenting joint ventures in property - problems and solutions". The second part of the text, devoted to precedents, is divided into three sections: general; property; and company and partnership. | ||
| 650 | _aJOINT VENTURES | ||
| 650 | _aPROPERTY COMPANIES | ||
| 650 | _aPROPERTY DEVELOPMENT | ||
| 650 | _aPROPERTY INVESTMENT | ||
| 690 | _aMANAGEMENT-BUSINESS MANAGEMENT-FINANCIAL MANAGEMENT | ||
| 700 | _aKidby, R. | ||
| 942 | _n0 | ||
| 999 |
_c101253 _d101253 |
||